| 000 | 00435nam a22001457a 4500 | ||
|---|---|---|---|
| 020 | _qHB. | ||
| 040 | _cFIZZA ISHAQ | ||
| 082 |
_a680.13 _bROA |
||
| 100 |
_aRoane ,Susan. _9134034 |
||
| 245 |
_aHow to work a room : a guide to successfully managing the mingling / _cSusan Roane. |
||
| 250 | _a Unstated Edition. | ||
| 260 |
_aNew York: _bShapolsky Publishers, Inc _c1988. |
||
| 300 |
_a203 P. ; _c9.3 x 6.2 inches |
||
| 942 |
_2ddc _cBK |
||
| 999 |
_c616959 _d616959 |
||